Zbierky kráľovského zámku na Waweli

Uložené v:
Podrobná bibliografia
Médium: Kniha
Jazyk:Slovak
Vydavateľské údaje: Bratislava : Tatran, 1975
Vydanie:Prel. z poľ.
Tagy: Pridať tag
Žiadne tagy, Buďte prvý, kto otaguje tento záznam!

MARC

LEADER 00000nam a22000003a 4500
001 stu208552
005 20150408182744.6
008 100729s1975----cs------------------slo-d
040 |a STU  |b slo 
041 0 |a slo 
044 |a cs 
245 |a Zbierky kráľovského zámku na Waweli 
250 |a Prel. z poľ. 
260 |a Bratislava :  |b Tatran,  |c 1975 
300 |a 426 s 
996 |b 284V028329  |c V*24145/E-1164  |l VVT  |s A  |a 24  |w stu208552_0001